00431nam a2200181Ia 4500008004100000020001800041050001400059100001800073245003900091245001800130260001500148260001600163260000900179300001500188300002700203300001000230500000900240170918s9999 xx 000 0 und d a9780545046329 bP332 1996 aPaulsen, Gary aPuppies, dogs, and blue northers / cGary Paulsen. aNew York : bScholastic, c1996 a81 pages : bcolored illustration ; c19cm. a1280